Химия и технология азотных удобрений; Труды государственного научно-исследовательского и проектного института азотной промышленности

Dades bibliogràfiques
Parent link:Труды государственного научно-исследовательского и проектного института азотной промышленности. Вып. 10.— , 1952-1977
Idioma:rus
Publicat: 1971
Matèries:
Format: Llibre
KOHA link:https://koha.lib.tpu.ru/cgi-bin/koha/opac-detail.pl?biblionumber=367985

MARC

LEADER 00000nam2a2200000 4500
001 367985
005 20231102012034.0
035 |a (RuTPU)RU\TPU\retro\25348 
035 |a RU\TPU\retro\25206 
090 |a 367985 
100 |a 20220328d1971 k y0rusy50 ca 
101 0 |a rus 
102 |a RU 
105 |a a z 001zy 
200 0 |a Химия и технология азотных удобрений  |v Вып. 10 
210 |d 1971 
215 |a 277 с.  |c ил. 
320 |a Библиография в конце статей 
461 1 |0 (RuTPU)RU\TPU\retro\24961  |t Труды государственного научно-исследовательского и проектного института азотной промышленности  |v Вып. 10  |d 1952-1977 
606 1 |a Азотная промышленность в целом  |2 stltpush  |3 (RuTPU)RU\TPU\subj\32154  |9 54797 
606 1 |a Азотные удобрения  |x Производство  |x Автоматизация  |2 stltpush  |3 (RuTPU)RU\TPU\subj\32174  |9 54807 
610 1 |a окислы азота 
610 1 |a азотная кислота 
610 1 |a равновесие 
610 1 |a растворы 
610 1 |a плотность 
610 1 |a определение 
610 1 |a вязкость 
610 1 |a парциальное давление 
610 1 |a моноэтаноламины 
610 1 |a водные растворы 
610 1 |a молярный объем 
610 1 |a химические превращения 
610 1 |a скорость 
610 1 |a природный газ 
610 1 |a очистка 
610 1 |a активированный уголь 
610 1 |a сернистые соединения 
610 1 |a гидрирование 
610 1 |a катализаторы 
610 1 |a конвертированный газ 
610 1 |a аммиак 
610 1 |a производство 
610 1 |a выхлопные газы 
610 1 |a трубчатые конвейеры 
610 1 |a гранулирование 
610 1 |a абсорбция 
610 1 |a щелочные растворы 
610 1 |a меркаптаны 
610 1 |a контактные аппараты 
610 1 |a газораспределение 
610 1 |a фильтры 
610 1 |a трубчатые колонны 
610 1 |a гидратация 
610 1 |a угольная кислота 
610 1 |a примеси 
675 |a 661.5  |v 3 
675 |a 661.52  |v 3 
801 1 |a RU  |b 63413507  |c 20130206 
801 2 |a RU  |b 63413507  |c 20230623  |g RCR 
942 |c BK